Statistiques concernant Les meilleurs chauves de la NBA

Cliquez ici pour prendre le quiz!

Statistiques générales

  • Ce quiz a été pris 34 fois
  • Le résultat moyen est 8 sur 10

Statistiques - réponses

Réponse% Correct
Shaquille O'neal
100%
Kobe Bryant
97%
LeBron James
93%
Vince Carter
90%
Alex Caruso
83%
Charles Barkley
80%
Reggie Miller
80%
Jason Kidd
77%
Ray Allen
77%
Derrick White
67%

Distribution des résultats

Percentile par nombre de réponses

% des personnes avec chaque résultat

Votre développement - résultats

Vous n’avez pas pris ce quiz